Muž, ktorý rozhýbal Peugeot

Rozhovor s predsedom predstavenstva PSA Peugeot Citroën o tom, ako vidí budúcnosť trnavského závodu v rámci koncernu a či PSA považuje technologické firmy Google alebo Apple za hrozbu pre odvetvie.

Salvato in:
Dettagli Bibliografici
Autore principale: Kvašňák, Lukáš
Altri autori: Tavares, Carlos
Natura: Capitolo di libro
Lingua:slovacco
Soggetti:
Tags: Aggiungi Tag
Nessun Tag, puoi essere il primo ad aggiungerne!!

MARC

LEADER 00000naa a2200000 4500
001 0198924
005 20231113102652.3
041 0 |a slo 
044 |a SK 
245 1 0 |a Muž, ktorý rozhýbal Peugeot  |c Lukáš Kvašňák, Carlos Tavares 
520 |a Rozhovor s predsedom predstavenstva PSA Peugeot Citroën o tom, ako vidí budúcnosť trnavského závodu v rámci koncernu a či PSA považuje technologické firmy Google alebo Apple za hrozbu pre odvetvie. 
610 2 0 |a priemysel automobilový 
610 2 0 |a automobily osobné 
610 2 0 |a výroba 
610 2 0 |a firmy 
610 2 0 |a dodávatelia 
610 2 0 |a náklady 
610 2 0 |a energia 
100 1 |a Kvašňák, Lukáš 
700 1 |a Tavares, Carlos